000 00466nam a2200181Ia 4500
005 20240913125937.0
008 240913s9999||||xx |||||||||||||| ||und||
041 _aENGLISH
082 _A613 Q7
100 _aJain A K
245 0 _aNutrition and Health for Diploma in Nursing
250 _a1st
260 _c2017
_bAvichal Publishing Co
500 _aREFERENCE
650 _aRenal Dialysis Technology
_bAllied Health Science
942 _cREF
999 _c246616
_d246616